000 00656nam a22002057a 4500
005 20100810111042.0
010 _aENG-99204
020 _a9788190751827
_c90.00
020 _a8190751824
_c90.00
035 _aEN-82736
037 _bDBAD/PUB
082 _a954
100 _aGowri, Sankar P.
_99836
245 _aAncient India /
_cby P. Gowri Sankar
260 _aErode
_bPallavi Pathippagam S. India
_c2008
270 _a194, Kanna complex, Mettur Road
_bErode
_e11
300 _a176p.
_c20cm (pbk)
942 _2ddc
_cEN
_h954
_mGOW
999 _c40533
_d40533